Normal view
MARC view
- المجمع الملكي لبحوث الحضارة الإسلامية (مؤسسة آل البيت)
Entry Personal Name
001 - CONTROL NUMBER
- control field: 41255
003 - CONTROL NUMBER IDENTIFIER
- control field: JO-AjAnu
005 - DATE AND TIME OF LATEST TRANSACTION
- control field: 20230606080844.0
008 - FIXED-LENGTH DATA ELEMENTS
- fixed length control field: 230606|| aca||aabn | a|a d
040 ## - CATALOGING SOURCE
- Original cataloging agency: JO-AjAnu
- Transcribing agency: JO-AjAnu
100 ## - HEADING--PERSONAL NAME
- Personal name: المجمع الملكي لبحوث الحضارة الإسلامية (مؤسسة آل البيت)
670 ## - SOURCE DATA FOUND
- Source citation: Work cat.: (JO-AjAnu)21142: المجمع الملكي لبحوث الحضارة الإسلامية (مؤسسة آل البيت), author, خطة الإستثمار في البنوك الإسلامية الجوانب التطبيقية والقضايا والمشكلات/ ندوة عقدت بالتعاون مع المعهد الإسلامي للبحوث والتدريب البنك الإسلامي للتنمية - جدة عمان 20-25شوال 1407هـ الموافق 16-21 حزيران 1987م